书目信息 |
| 题名: |
聚酰亚胺摩擦磨损机理
|
|
| 作者: | 齐慧敏 , 余家欣 , 张嘎 , 王彦明 著 | |
| 分册: | ||
| 出版信息: | 北京 冶金工业出版社 2024.08 |
|
| 页数: | 226页 | |
| 开本: | 24cm | |
| 丛书名: | ||
| 单 册: | ||
| 中图分类: | TQ323.701 | |
| 科图分类: | ||
| 主题词: | 聚酰亚胺--ju xian ya an--摩擦--研究 | |
| 电子资源: | ||
| ISBN: | 978-7-5024-9941-9 | |
| 000 | 01320nam0 2200313 450 | |
| 001 | 97664 | |
| 005 | 20250919193153.36 | |
| 010 | @a978-7-5024-9941-9@dCNY75.00 | |
| 100 | @a20240923d2024 em y0chiy50 ea | |
| 101 | 0 | @achi |
| 102 | @aCN@b110000 | |
| 105 | @aa a 000yy | |
| 106 | @ar | |
| 106 | @ar | |
| 200 | 1 | @a聚酰亚胺摩擦磨损机理@Aju xian ya an mo ca mo sun ji li@d= Friction and wear mechanism of polyimide@f齐慧敏 ... [等] 著@zeng |
| 210 | @a北京@c冶金工业出版社@d2024.08 | |
| 215 | @a226页@c图@d24cm | |
| 304 | @a题名页题其余责任者: 余家欣, 张嘎, 王彦明 | |
| 320 | @a有书目 | |
| 330 | @a本书主要介绍了聚酰亚胺在摩擦学领域的相关研究成果, 首先简述了聚酰亚胺的摩擦学改性及其摩擦学的研究发展方向, 然后分别从不同的工况环境如干摩擦、水/油润滑、宽温域环境和模拟空间环境等条件下阐述了聚酰亚胺及其复合材料的设计制备和摩擦学性能, 基于摩擦界面的物理化学行为, 阐明了转移膜的形成和作用机理, 为指导高性能聚酰亚胺润滑材料的设计提供理论支撑。 | |
| 510 | 1 | @aFriction and wear mechanism of polyimide@zeng |
| 606 | 0 | @a聚酰亚胺@Aju xian ya an@x摩擦@x研究 |
| 690 | @aTQ323.701@v5 | |
| 701 | 0 | @a齐慧敏@Aqi hui min@4著 |
| 701 | 0 | @a余家欣@Ayu jia xin@4著 |
| 701 | 0 | @a张嘎@Azhang ga@4著 |
| 701 | 0 | @a王彦明@Awang yan ming@4著 |
| 801 | 0 | @aCN@c20250909 |
| 905 | @a河南城建学院图书馆@dTQ323.701@eQ034@f1 | |
| 聚酰亚胺摩擦磨损机理= Friction and wear mechanism of polyimide/齐慧敏 ... [等] 著.-北京:冶金工业出版社,2024.08 |
| 226页:图;24cm |
| ISBN 978-7-5024-9941-9:CNY75.00 |
| 本书主要介绍了聚酰亚胺在摩擦学领域的相关研究成果, 首先简述了聚酰亚胺的摩擦学改性及其摩擦学的研究发展方向, 然后分别从不同的工况环境如干摩擦、水/油润滑、宽温域环境和模拟空间环境等条件下阐述了聚酰亚胺及其复合材料的设计制备和摩擦学性能, 基于摩擦界面的物理化学行为, 阐明了转移膜的形成和作用机理, 为指导高性能聚酰亚胺润滑材料的设计提供理论支撑。 |
| ● |
| 相关链接 |
|
|
|
正题名:聚酰亚胺摩擦磨损机理
索取号:TQ323.701/Q034
 
预约/预借
| 序号 | 登录号 | 条形码 | 馆藏地/架位号 | 状态 | 备注 |
| 1 | 1638710 | 216387103 | 自科库501/501自科库 140排9列3层/ [索取号:TQ323.701/Q034] | 在馆 |